Yleistieto #43 - Statistics

Yleistilastot
  • Tätä visaa on pelattu 469 kertaa
  • Keskiarvotulos 6 / 15
Vastaustilastot
Vinkki Vastaus % Oikein
Kuka juonsi Kymppitonni-visailuohjelmaa? Riitta Väisänen
61%
Kuka on Uuno Turhapuro appiukko? Vuorineuvos Tuura
61%
Mikä on/oli Antti Kasvion urheilulaji? Uinti
58%
Mistä maasta Barack Obaman isä oli kotoisin? Keniasta
44%
Mikä oli Muhammed Alin syntymänimi? Cassius Clay
42%
Minkä kaupungin kaupunginosia ovat Pihlava, Sampola ja Aittaluoto? Porin
41%
Mikä on Islannin suurin jäätikkö? Vatnajökull
37%
Minkä maan kylpylöitä kutsutaan nimellä 'Onsen'? Japanin
36%
Missä nykyisessä valtiossa sijaitsee entisaikojen mahtivalta Karthagon rauniot? Tunisiassa
36%
Missä kaupungissa järjestettiin vuoden 1992 kesäolympialaiset? Barcelonassa
34%
Milla saarella Brunei sijaitsee? Borneon-saarella
33%
Kuka on luonut 'Tenavat'-sarjan? Charles M.Schultz
24%
Mikä oli Portugalin rahayksikkö ennen euroa? Escudo
19%
Mikä on Etelä-Korean toiseksi suurin kaupunki? Busan
18%
Minkä kaupungin lähellä sijaitsee 'Terrakotta sotilaat'? Xianin
14%
Ehtoja vastaavia visoja ei löytynyt
Tulosjakauma
Jokaisen tuloksen saaneiden osuus
Persentiili vastausten määrän mukaan
Tuloshistoriasi
Et ole pelannut tätä visaa